000 00797nam a2200253 4500
003 OSt
005 20260601171011.0
008 260508b2013\\\\mx\|||||\||||\00|\0\spa\d
020 _a9786073214889
040 _aICI
_bSPA
_cICI
041 _aSPA
050 _aLC1031
_bL66 2017
100 1 _a López Carrasco, Miguel Ángel,
_eautor
_933192
245 1 _aAprendizaje, competencias y TIC
_c Miguel Ángel López Carrasco
250 _aSegunda edición
264 _aMéxico, D.F. :
_b Pearson Educación de México,
_c2017
300 _a306 páginas :
_bilustraciones
336 _atexto
_2rdacontent
337 _asin medio
_2rdamedia
338 _avolumen
_2rdacarrier
650 4 _a Educación basada en competencias
_933193
650 4 _aInnovaciones educativas
_933194
942 _2lcc
_cB
_n1
999 _c20519
_d20519